University Home | Library Home | Institutional Repository

Neo-colonialsim : (Record no. 8331)

MARC details
000 -LEADER
fixed length control field 00752cam0a220024100 4500
001 - CONTROL NUMBER
control field zam00002384
008 - FIXED-LENGTH DATA ELEMENTS--GENERAL INFORMATION
fixed length control field 951128s1965 xx eng u
035 ## - SYSTEM CONTROL NUMBER
System control number (Sirsi) r19760
035 ## - SYSTEM CONTROL NUMBER
System control number (MACHINE)SLC.
100 ## - MAIN ENTRY--PERSONAL NAME
Personal name Nkrumah, K.
Linkage A80768.1
245 10 - TITLE STATEMENT
Title Neo-colonialsim :
Remainder of title the last stage of imperialism.
260 ## - PUBLICATION, DISTRIBUTION, ETC.
Date of publication, distribution, etc. 1965.
591 ## -
-- Class code: DS 110.
591 ## -
-- Course: Introduction to development studies.
591 ## -
-- School: S05.
591 ## -
-- Lecturer: Mr. TIYAONSE, C.K.
591 ## -
-- Number of Students: 67.
949 ## - LOCAL PROCESSING INFORMATION (OCLC)
a HC502
w lcc
i 33729001477863
m MAIN
p 2500
t SHORTLOAN
l SHORTLOAN
949 ## - LOCAL PROCESSING INFORMATION (OCLC)
a HC502
w lcc
i -17903
m MAIN
t BOOK
l ON-SHELF
900 ## - EQUIVALENCE OR CROSS-REFERENCE-PERSONAL NAME [LOCAL, CANADA]
-- MAIN
Field link and sequence number HC502
-- NKR
Titles and other words associated with a name 2
909 ## -
-- Book
Holdings
Withdrawn status Lost status Source of classification or shelving scheme Damaged status Not for loan Home library Current library Shelving location Total Checkouts Full call number Barcode Date last seen Copy number Price effective from Koha item type
    Library of Congress Classification     Main Library Main Library Academic reserves/Short loan   HC502NKR 33729000768411 08/12/2019 2 08/12/2019 Short Loan material
© 2026 - The University of Zambia Library - Koha v25.11